[Event "Skopje op-B"]
[Site "Skopje"]
[Date "2023.12.11"]
[Round "8"]
[White "Petrov, Vancho"]
[Black "Spasov, Vancho"]
[Result "0-1"]
[WhiteElo "1829"]
[BlackElo "1576"]
[PlyCount "52"]
[EventDate "2023.12.06"]
[EventType "swiss"]
[EventRounds "9"]
[EventCountry "MKD"]
[SourceTitle "CB51_2023"]
[SourceDate "2023.12.20"]
[SourceVersion "1"]
[SourceVersionDate "2023.12.20"]
[SourceQuality "1"]

1. e4 e5 2. Nf3 Nc6 3. Bc4 Bc5 4. c3 d6 5. d4 exd4 6. cxd4 Bb6 7. 0-0 a6 8. d5 Nb8 9. e5 Ne7 10. Nc3 0-0 11. Bf4 Ng6 12. Bg3 Bg4 13. exd6 cxd6 14. Ne4 f5 15. Nxd6 f4 16. Nxb7 Qc7 17. Qd3 Qxb7 18. Qxg6 Bxf3 19. gxf3 Qf7 20. Qxf7+ Rxf7 21. d6 fxg3 22. Bxf7+ Kxf7 23. Rfe1 Nc6 24. Rac1 Nd4 25. Kg2 Rd8 26. Re7+ Kf6 0-1

[Event "Skopje op-B"]
[Site "Skopje"]
[Date "2023.12.08"]
[Round "3"]
[White "Temelkov, Aleksandar"]
[Black "Petrov, Vancho"]
[Result "1-0"]
[WhiteElo "1525"]
[BlackElo "1829"]
[PlyCount "79"]
[EventDate "2023.12.06"]
[EventType "swiss"]
[EventRounds "9"]
[EventCountry "MKD"]
[SourceTitle "CB51_2023"]
[SourceDate "2023.12.20"]
[SourceVersion "1"]
[SourceVersionDate "2023.12.20"]
[SourceQuality "1"]

1. e4 c5 2. Nf3 Nc6 3. d4 cxd4 4. Nxd4 Nf6 5. Nc3 e6 6. Nxc6 bxc6 7. e5 Nd5 8. Ne4 Qc7 9. f4 Be7 10. Nd6+ Bxd6 11. exd6 Qb6 12. Qg4 0-0 13. Qg3 Qb4+ 14. c3 Qxd6 15. Bd2 Nf6 16. Bd3 a5 17. 0-0-0 Ba6 18. Bc2 Qc7 19. Kb1 d5 20. Rhe1 Rab8 21. Bc1 Bc4 22. Ka1 a4 23. h4 Bb3 24. Rd2 Bxc2 25. Rxc2 Ne4 26. Qd3 Nc5 27. Qd1 Nb3+ 28. Kb1 Na5 29. h5 c5 30. f5 Nc4 31. Ka1 Rb6 32. f6 gxf6 33. Qg4+ Kh8 34. Qh4 Qe7 35. Rf2 e5 36. g4 Rg8 37. Rg1 Qe6 38. g5 f5 39. g6 f4 40. g7+ 1-0

[Event "FRM-ch op"]
[Site "Skopje"]
[Date "2023.05.09"]
[Round "7"]
[White "Petrov, Vancho"]
[Black "Topalov, Nikola"]
[Result "1-0"]
[WhiteElo "1901"]
[BlackElo "1501"]
[PlyCount "79"]
[EventDate "2023.05.04"]
[EventType "swiss"]
[EventRounds "9"]
[EventCountry "MKD"]
[SourceTitle "CBM 214 Extra"]
[Source "ChessBase"]
[SourceDate "2023.07.31"]
[SourceVersion "1"]
[SourceVersionDate "2023.07.31"]
[SourceQuality "1"]

1. e4 c5 2. Nc3 d6 3. Nf3 Nc6 4. d4 cxd4 5. Nxd4 a6 6. Be3 e5 7. Nb3 Nf6 8. Be2 Ne7 9. Qd2 Be6 10. Rd1 Ng6 11. 0-0 Ng4 12. Bxg4 Bxg4 13. f3 Be6 14. Nd5 Bxd5 15. Qxd5 Qc7 16. Na5 Be7 17. Qxb7 Qxb7 18. Nxb7 Rb8 19. Nxd6+ Bxd6 20. Rxd6 0-0 21. b3 Ra8 22. c4 Rfc8 23. g3 Ne7 24. Rfd1 f6 25. Bb6 Nc6 26. Kf2 Rab8 27. Be3 a5 28. R1d5 a4 29. Rc5 axb3 30. axb3 Nb4 31. Rxc8+ Rxc8 32. Bb6 Nc2 33. c5 Nd4 34. b4 Kf8 35. f4 Ke7 36. Rd5 Nc2 37. Ba5 exf4 38. gxf4 Rb8 39. c6 Nxb4 40. c7 1-0

[Event "FRM-ch op"]
[Site "Skopje"]
[Date "2022.05.01"]
[Round "4"]
[White "Gaberov, Toshe"]
[Black "Petrov, Vancho"]
[Result "0-1"]
[WhiteElo "1512"]
[BlackElo "1963"]
[PlyCount "46"]
[EventDate "2022.04.29"]
[EventType "swiss"]
[EventRounds "9"]
[EventCountry "MKD"]
[SourceTitle "CBM 208 Extra"]
[Source "ChessBase"]
[SourceDate "2022.07.31"]
[SourceVersion "1"]
[SourceVersionDate "2022.07.31"]
[SourceQuality "1"]

1. e4 c5 2. Nf3 Nc6 3. d4 cxd4 4. Nxd4 Nf6 5. Nc3 e6 6. Nxc6 bxc6 7. e5 Nd5 8. Nxd5 cxd5 9. Bd3 d6 10. Qe2 Qc7 11. f4 Bd7 12. 0-0 dxe5 13. fxe5 Bc5+ 14. Kh1 0-0 15. Bf4 Rab8 16. a3 Rxb2 17. Qh5 g6 18. Qh6 Rfb8 19. Rae1 Bxa3 20. Bg5 Bf8 21. Qh3 Bb5 22. Rf3 Bxd3 23. cxd3 Qxe5 0-1

[Event "FRM-ch op"]
[Site "Skopje"]
[Date "2022.04.30"]
[Round "2"]
[White "Dinev, Dejan"]
[Black "Petrov, Vancho"]
[Result "1-0"]
[WhiteElo "2201"]
[BlackElo "1963"]
[PlyCount "51"]
[EventDate "2022.04.29"]
[EventType "swiss"]
[EventRounds "9"]
[EventCountry "MKD"]
[SourceTitle "CBM 208 Extra"]
[Source "ChessBase"]
[SourceDate "2022.07.31"]
[SourceVersion "1"]
[SourceVersionDate "2022.07.31"]
[SourceQuality "1"]

1. e4 c5 2. Nf3 Nc6 3. d4 cxd4 4. Nxd4 Nf6 5. Nc3 e6 6. Nxc6 bxc6 7. Bd3 d5 8. 0-0 Be7 9. Qe2 0-0 10. Re1 a5 11. Bd2 Re8 12. Rad1 Qc7 13. Bg5 h6 14. Bxf6 Bxf6 15. exd5 Bxc3 16. d6 Qb6 17. bxc3 Rb8 18. Qe4 g6 19. Qf4 Kg7 20. Bxg6 Kxg6 21. Rd3 Qc5 22. Rg3+ Qg5 23. h4 Qxg3 24. Qxg3+ Kh7 25. d7 Bxd7 26. Qd3+ 1-0